Contextos de planeacin̤ y mercados turs̕ticos en el estado de Quintana Roo

Detalles Bibliográficos
Autor principal: Güemes Ricalde, Francisco J.
Formato: eBook
Lenguaje:español
Publicado: Mx̌ico D.F: Palza Valdš Editores, 2008
Materias:
Acceso en línea:Acceso restringido

MARC

LEADER 00000nam a22000007a 4500
005 20130809195157.0
007 cr|||| ||||
008 130809s2008 mx |||||s|||| 00||0 spa d
020 |a 978-607-402-023-6 
035 |a 11468 
040 |a vLex 
090 |c 4483  |d 4483 
100 1 |a Güemes Ricalde, Francisco J. 
245 1 0 |a Contextos de planeacin̤ y mercados turs̕ticos en el estado de Quintana Roo  |h [Recurso electrn̤ico] /  |c Francisco J. Güemes Ricalde 
256 |a Servicio en ln̕ea 
260 |a Mx̌ico D.F:  |b Palza Valdš Editores,  |c 2008 
300 |a 1 Recurso electrn̤ico 
506 1 |a Contenido solo disponible en los productos indicados  |d vLex Global  |d vLex Global (Academic Edition, excluding Law Schools)  |d vLex Global (U.S. Academic Edition, Law Schools)  |d vLex Global (U.S. Academic Edition, excluding Law Schools)  |d vLex Global (Academic Edition, Law Schools) 
650 0 4 |a Turismo  |z Mx̌ico 
650 0 4 |a Comercio  |z Mx̌ico 
740 0 |a vLex Libros (Servicio en ln̕ea) 
856 4 0 |u http://vlex.com/source/contextos-planeacion-mercados-turisticos-estado-quintana-roo-11468  |z Acceso restringido 
942 |c BOOK 
999 0 |a Tourism [former heading] Tourist trade